[Event "TUR-chT"]
[Site "Kocaeli"]
[Date "2014.08.23"]
[Round "7.4"]
[White "Ozcan, Bora"]
[Black "Temizkan, Denizcan"]
[Result "0-1"]
[WhiteElo "1786"]
[BlackElo "1972"]
[PlyCount "98"]
[EventDate "2014.08.18"]
[EventType "team-tourn"]
[EventRounds "13"]
[EventCountry "TUR"]
[SourceTitle "CBM 162 Extra"]
[Source "ChessBase"]
[SourceDate "2014.10.17"]
[SourceVersion "1"]
[SourceVersionDate "2014.10.17"]
[SourceQuality "1"]
[WhiteTeam "Besiktas Jimnastik"]
[BlackTeam "Hatay Buyuksehir"]
[WhiteTeamCountry "TUR"]
[BlackTeamCountry "TUR"]

1. d4 d5 2. c4 e6 3. Nf3 Nf6 4. Nc3 c6 5. Bg5 Nbd7 6. e3 Be7 7. Bd3 0-0 8. 0-0 dxc4 9. Bxc4 Nd5 10. Bxe7 Qxe7 11. Qc2 Nxc3 12. Qxc3 b6 13. Rad1 Bb7 14. b4 Rfc8 15. Rd2 Nf6 16. Qb3 c5 17. bxc5 bxc5 18. Qa3 Rc7 19. Rfd1 Ne4 20. Rb2 Rd8 21. h3 Nd6 22. Ba6 Bxf3 23. gxf3 Nf5 24. f4 Qf6 25. Rc1 Qg6+ 26. Kh1 Nh4 27. Bf1 Qe4+ 28. Kh2 h5 29. Rxc5 Nf3+ 30. Kh1 Rxc5 31. Qxc5 Nxd4+ 32. Bg2 Nf3 33. Qc1 Qf5 34. Bxf3 Qxh3+ 35. Kg1 Qxf3 36. Rd2 Qg4+ 37. Kh2 Rxd2 38. Qxd2 h4 39. e4 f6 40. Qe3 a5 41. e5 f5 42. Qd4 Kh7 43. Qe3 a4 44. a3 Kh6 45. f3 Qg3+ 46. Kh1 h3 47. Qf2 Qxf4 48. Qf1 Qg3 49. f4 Qg2+ 0-1

[Event "Istanbul op-A 11th"]
[Site "Istanbul"]
[Date "2012.09.05"]
[Round "6"]
[White "Belliard Alonzo, Luis Manuel"]
[Black "Ozcan, Bora"]
[Result "1-0"]
[WhiteElo "2156"]
[BlackElo "1681"]
[PlyCount "123"]
[EventDate "2012.08.30"]
[EventType "swiss"]
[EventRounds "9"]
[EventCountry "TUR"]
[SourceTitle "CBM 150 Extra"]
[Source "ChessBase"]
[SourceDate "2012.10.19"]
[SourceVersion "1"]
[SourceVersionDate "2012.10.19"]
[SourceQuality "1"]

1. d4 Nf6 2. Nf3 e6 3. Bg5 Be7 4. Nbd2 c5 5. e3 b6 6. Bd3 Bb7 7. 0-0 0-0 8. c3 cxd4 9. exd4 d6 10. Re1 Nbd7 11. Nf1 Re8 12. Ng3 Qc7 13. Rc1 Bf8 14. h3 g6 15. Nh2 Bg7 16. Ng4 Nxg4 17. hxg4 e5 18. Qd2 Nf6 19. f3 Rac8 20. Bh6 Bh8 21. Bb5 Bc6 22. Bxc6 Qxc6 23. dxe5 dxe5 24. Rcd1 Qc7 25. Qd6 Qxd6 26. Rxd6 Rcd8 27. Red1 Rxd6 28. Rxd6 Rc8 29. Bg5 Ne8 30. Rd7 f6 31. Be3 Rc7 32. Rd8 Kf7 33. Kf1 Ke7 34. Ra8 Bg7 35. a4 Nd6 36. b3 Nc8 37. c4 Kd7 38. Ne4 Rc6 39. a5 bxa5 40. Bxa7 Bf8 41. Bf2 Bb4 42. Be1 f5 43. gxf5 gxf5 44. Nc3 Ne7 45. Nb5 Rc5 46. Ra7+ Ke6 47. Nc7+ Kf6 48. Bh4+ Kf7 49. Na6 Rc6 50. Nxb4 axb4 51. Bxe7 Ke6 52. Bxb4 Rb6 53. Ra4 e4 54. fxe4 fxe4 55. Ke2 Kf5 56. Ra5+ Kf4 57. Bd2+ Kg3 58. Rg5+ Kh4 59. g3+ Kh3 60. b4 Kg2 61. b5 h5 62. Bf4 1-0

[Event "Istanbul op-A 11th"]
[Site "Istanbul"]
[Date "2012.09.01"]
[Round "3"]
[White "Ozcan, Bora"]
[Black "Aliakbarov, Anar Samir Oglu"]
[Result "0-1"]
[WhiteElo "1681"]
[BlackElo "2143"]
[PlyCount "76"]
[EventDate "2012.08.30"]
[EventType "swiss"]
[EventRounds "9"]
[EventCountry "TUR"]
[SourceTitle "CBM 150 Extra"]
[Source "ChessBase"]
[SourceDate "2012.10.19"]
[SourceVersion "1"]
[SourceVersionDate "2012.10.19"]
[SourceQuality "1"]

1. d4 Nf6 2. c4 g6 3. g3 Bg7 4. Bg2 0-0 5. Nc3 d6 6. Nf3 Nc6 7. 0-0 Bf5 8. Re1 Ne4 9. a3 Nxc3 10. bxc3 Na5 11. Qa4 c5 12. Bf4 Rc8 13. Rec1 Bd7 14. Qd1 Nxc4 15. Qd3 b5 16. e4 h6 17. h4 e5 18. dxe5 dxe5 19. Be3 Be6 20. Qe2 Qa5 21. Ne1 Nb6 22. f3 Rfd8 23. Rab1 Bc4 24. Qf2 Na4 25. Qc2 Bf8 26. Bf1 Bxf1 27. Kxf1 c4 28. Ra1 Rd7 29. Ra2 Rcd8 30. Kg2 Kh7 31. Qf2 Nxc3 32. Bd2 Rxd2 33. Rxd2 Nxe4 34. Rxd8 Nxf2 35. Rxf8 Kg7 36. Re8 Nd3 37. Rd1 Nxe1+ 38. Kh3 Nd3 0-1

[Event "Istanbul op-A 11th"]
[Site "Istanbul"]
[Date "2012.08.31"]
[Round "2"]
[White "Ozcan, Bora"]
[Black "Atakisi, Umut"]
[Result "1/2-1/2"]
[WhiteElo "1681"]
[BlackElo "2321"]
[PlyCount "97"]
[EventDate "2012.08.30"]
[EventType "swiss"]
[EventRounds "9"]
[EventCountry "TUR"]
[SourceTitle "CBM 150 Extra"]
[Source "ChessBase"]
[SourceDate "2012.10.19"]
[SourceVersion "1"]
[SourceVersionDate "2012.10.19"]
[SourceQuality "1"]

1. d4 Nf6 2. c4 g6 3. g3 Bg7 4. Bg2 d5 5. cxd5 Nxd5 6. e4 Nb6 7. Ne2 c5 8. dxc5 Qxd1+ 9. Kxd1 Na4 10. Nbc3 Nxc5 11. Be3 Nba6 12. Kc2 Bg4 13. f3 Bd7 14. Rad1 e6 15. f4 e5 16. Kb1 Na4 17. Rd6 Nxc3+ 18. Nxc3 Ke7 19. Rhd1 Bc6 20. R6d3 Rhd8 21. Rxd8 Rxd8 22. Rxd8 Kxd8 23. Bxa7 exf4 24. gxf4 Bxc3 25. bxc3 f5 26. Kc1 Kc7 27. Bf1 fxe4 28. Bxa6 bxa6 29. Kd2 Kd6 30. c4 Ke6 31. Bf2 Kf5 32. Ke3 Kg4 33. h4 a5 34. Be1 a4 35. a3 Kf5 36. c5 Kf6 37. Kd4 Ke6 38. Bd2 Kf5 39. Ke3 Be8 40. Be1 Bd7 41. Bd2 Bc6 42. Be1 Ke6 43. Kd4 Bb7 44. Bd2 Bc6 45. Be1 Kf5 46. Ke3 Kg4 47. Bf2 Kh3 48. Be1 Kg2 49. Bf2 1/2-1/2

[Event "EU-ch U12"]
[Site "Prague"]
[Date "2012.08.25"]
[Round "9"]
[White "Ozcan, Bora"]
[Black "Anaskin, Arsenij"]
[Result "1/2-1/2"]
[WhiteElo "1681"]
[BlackElo "1861"]
[PlyCount "82"]
[EventDate "2012.08.17"]
[EventType "swiss"]
[EventRounds "9"]
[EventCountry "CZE"]
[SourceTitle "CBM 150 Extra"]
[Source "ChessBase"]
[SourceDate "2012.10.19"]
[SourceVersion "1"]
[SourceVersionDate "2012.10.19"]
[SourceQuality "1"]

1. d4 Nf6 2. c4 g6 3. g3 Bg7 4. Bg2 d6 5. Nf3 0-0 6. 0-0 Nbd7 7. Nc3 c6 8. e4 e5 9. b3 Re8 10. h3 h6 11. Be3 b6 12. Qc2 Bb7 13. Rad1 Qe7 14. Rfe1 Rad8 15. Bc1 exd4 16. Nxd4 Nc5 17. e5 dxe5 18. Nxc6 Bxc6 19. Bxc6 Rxd1 20. Rxd1 Rd8 21. Rxd8+ Qxd8 22. Be3 Ne6 23. Bg2 h5 24. Nd5 Nd4 25. Qb2 Nxd5 26. Bxd5 Nf5 27. Bd2 Ne7 28. Bg2 Nf5 29. Bc3 Qd1+ 30. Kh2 Nd4 31. Qd2 Nf3+ 32. Bxf3 Qxf3 33. h4 Bh6 34. Qxh6 Qxc3 35. Qe3 Qb2 36. a4 Kg7 37. Kg2 Kg8 38. a5 bxa5 39. Qxa7 Qxb3 40. Qxa5 Qxc4 41. Qxe5 Qc6+ 1/2-1/2

[Event "EU-ch U12"]
[Site "Prague"]
[Date "2012.08.19"]
[Round "3"]
[White "Ozcan, Bora"]
[Black "Drori, Saar"]
[Result "0-1"]
[WhiteElo "1681"]
[BlackElo "1905"]
[PlyCount "78"]
[EventDate "2012.08.17"]
[EventType "swiss"]
[EventRounds "9"]
[EventCountry "CZE"]
[SourceTitle "CBM 150 Extra"]
[Source "ChessBase"]
[SourceDate "2012.10.19"]
[SourceVersion "1"]
[SourceVersionDate "2012.10.19"]
[SourceQuality "1"]

1. d4 Nf6 2. c4 e6 3. Nf3 c5 4. d5 exd5 5. cxd5 g6 6. Nc3 Bg7 7. g3 d6 8. Bg2 0-0 9. 0-0 Re8 10. Nd2 a6 11. a4 Nbd7 12. h3 Rb8 13. Nc4 Ne5 14. Na3 Nh5 15. Kh2 Bd7 16. f4 b5 17. axb5 axb5 18. Ne4 b4 19. Nb1 Nc4 20. Ra7 Bf5 21. b3 Bxe4 22. Bxe4 Rxe4 23. bxc4 Rxc4 24. Nd2 Rd4 25. Qb3 Qb6 26. Ra2 Qb5 27. Qf3 c4 28. Ra7 b3 29. f5 Qe8 30. fxg6 hxg6 31. e3 Rxd2+ 32. Bxd2 b2 33. g4 b1Q 34. Rxb1 Rxb1 35. gxh5 Rb2 36. hxg6 Rxd2+ 37. Kh1 fxg6 38. Qf4 Qf8 39. Qxc4 Qf3+ 0-1

[Event "World School-ch U11 6th"]
[Site "Kayseri"]
[Date "2010.07.24"]
[Round "4"]
[White "Ozcan, Bora"]
[Black "Asgharzadeeh, Mohammad Reza"]
[Result "0-1"]
[WhiteElo "1665"]
[BlackElo "1931"]
[PlyCount "74"]
[EventDate "2010.07.21"]
[EventType "swiss"]
[EventRounds "9"]
[EventCountry "TUR"]
[SourceTitle "CBM 137 Extra"]
[Source "ChessBase"]
[SourceDate "2010.09.01"]
[SourceVersion "1"]
[SourceVersionDate "2010.09.01"]
[SourceQuality "1"]

1. e4 e5 2. Nf3 Nc6 3. Bb5 a6 4. Ba4 Nf6 5. 0-0 Be7 6. Re1 b5 7. Bb3 d6 8. h3 Na5 9. c3 Nxb3 10. Qxb3 Bb7 11. d3 0-0 12. Nbd2 c5 13. d4 Qc7 14. d5 Nd7 15. c4 f5 16. exf5 bxc4 17. Qxc4 Rxf5 18. Qg4 Raf8 19. Qe4 Nb6 20. Qd3 Nxd5 21. Ne4 c4 22. Qd1 Nf4 23. Bxf4 Rxf4 24. Qc2 Qc6 25. Ned2 Bd8 26. Qc3 Qd5 27. b4 e4 28. Nh2 Bf6 29. Qxc4 Bxa1 30. Rxa1 Rxf2 31. Qxd5+ Bxd5 32. Ndf1 Rxa2 33. Rd1 Bc4 34. Kh1 Bxf1 35. Rxf1 Rxf1+ 36. Nxf1 Ra1 37. Kg1 e3 0-1

[Event "Wch U10"]
[Site "Kemer"]
[Date "2009.11.14"]
[Round "3"]
[White "Ozcan, Bora"]
[Black "Rambaldi, Francesco"]
[Result "0-1"]
[WhiteElo "1648"]
[BlackElo "1770"]
[PlyCount "94"]
[EventDate "2009.11.12"]
[EventType "swiss"]
[EventRounds "11"]
[EventCountry "TUR"]
[SourceTitle "EXT 2010"]
[Source "ChessBase"]
[SourceDate "2010.11.25"]
[SourceVersion "1"]
[SourceVersionDate "2010.11.25"]
[SourceQuality "1"]

1. d4 Nf6 2. c4 e6 3. Nc3 d5 4. cxd5 exd5 5. Bg5 c6 6. e3 Bf5 7. Bd3 Bxd3 8. Qxd3 Be7 9. h3 0-0 10. Nf3 Nbd7 11. 0-0 Ne4 12. Bf4 f5 13. a3 a5 14. Qc2 Nxc3 15. Qxc3 Nf6 16. Ne5 Ne4 17. Qc2 Bg5 18. Nd3 Bxf4 19. Nxf4 Qe7 20. Rfd1 Rf6 21. Qb3 a4 22. Qc2 g5 23. Nd3 g4 24. hxg4 fxg4 25. Qe2 Qg7 26. Nf4 g3 27. fxg3 Nxg3 28. Qf3 Raf8 29. Rac1 Qg5 30. Re1 Qh4 31. Rcd1 Rxf4 32. exf4 Rxf4 33. Qxf4 Qxf4 34. Rd3 Ne4 35. Rf1 Qg5 36. Re1 Kf7 37. Rf3+ Ke7 38. Rd3 Qg7 39. Ree3 Kd7 40. Rf3 Kc7 41. Kf1 Kb8 42. Kg1 Ka7 43. Rd1 h5 44. Kh2 Qc7+ 45. Kg1 Qb6 46. Rh3 Qxb2 47. Rxh5 Qe2 0-1